|
|
|
|
| LEADER |
00000nab a22000001a 4500 |
| 001 |
vtls009316003 |
| 003 |
SK-MaSNL |
| 005 |
20260304210900.0 |
| 008 |
080729d19331217xo |r|p|||| |000 b|slo |
| 015 |
|
|
|a SNBRRBVU1918-1938
|
| 015 |
|
|
|a SNBRB1918-1938
|
| 038 |
|
|
|a SNKBUCL
|
| 038 |
|
|
|a SNKBUVU
|
| 040 |
|
|
|a SNKBUVU
|b slo
|c SNKBUCL
|e AACR2
|
| 041 |
0 |
|
|a slo
|
| 044 |
|
|
|a xo
|c SK
|
| 080 |
|
|
|a 75.071.1:061.4
|2 1997
|
| 080 |
|
|
|a 061.4
|2 1997
|
| 245 |
0 |
0 |
|a Výstava obrazov T. Moussona v Prešove
|c [autor] pn.
|
| 600 |
1 |
7 |
|a Mousson, Teodor Jozef,
|d 1887-1946
|2 snkbucl
|9 193774
|
| 648 |
|
7 |
|a 1933
|2 MM
|9 299118
|
| 651 |
|
7 |
|a Prešov (Slovensko)
|2 MM
|9 17347
|
| 773 |
0 |
|
|t Slovenský východ
|g Roč. 15, č. 287 (17.12.1933), s. 4
|
| 852 |
|
|
|a SNK
|b KIS3GCP
|
| 910 |
|
|
|a snkrbvumm
|
| 958 |
|
|
|a VY
|
| 999 |
|
|
|c 3127821
|d 3129751
|